01722nam a2200205 4500003000800000005001700008007000300025008004100028020001500069040004000084041000800124100001000132245006000142264005600202300001900258336002900277337002800306338002800334505115400362vecauma20260410190348.0ta260410b ve ||||| |||| 00| 0 spa d a0534955800 avecaumabspacvecaumadvecaumaerda aspa1 eautor1 aDifferential Equationsc/ With Boundary-Value Problems  aEstado Unidos de América:bFourth edition;c1997. a582 páginas. atextobtxt2rdacontenido ano mediadobn2rdamedio avolumenbnc2rdasoporte0 aIntroduction to diferential equations / First-Order differential equations / Modeling with first-order differential equations / AZT and survivability with AIDOS / by Ivan Kramen Wolf population dynamics / by C. Knickerbocker Differential equations of higher order / Modeling with higher-order differential equations / Decay of satellite orbits / by John Ellison The collapse of the tacoma narrows suspension bridge by Gilbert N. Lewis / Series solutions of linear equations / Laplace transform / Systems of linear first-order differential equations / Modeling an Arms race / by Michael OLinick Numerical methods for ordinary differential equations / Plane autonomous Systems and stability / The limit cycle in predator-Prey Models / by M.R. Cullen Symbolic Dynamics and smale´s horseshoe by John Hubbard Partial differential equations and Boundary-Value problems in rectangular coordinates / Boundary-Value problems in other coordinate systems / Integral transform method / The shape of a drumbeat / by M.R. Cullen Chemical communication and the diffusion equation / by M.R. Cullen Numerical methods for partial differential equations /